00643nam a22002054a 450000500170000000800410001701000260005802000110008403500130009503500140010803700150012204000180013708200100015524501150016526000390028027000520031930000220037165000260039370000180041920230927114022.0020212s2002 flua 000 0 eng  aENG-93889 ENG-135897 c350.00 aEN-77422 aEN-114929 bDBAD / PUB adplbEnglish  a590.3 aA dictionary of zoology:ba brief dictionary of well known animals and other species /cedited by V.K. Diwedi  aDelhi bVimal Pustak Mandir c2008 a430, Maharam Mohalla, Shahdera bDelhi e110032 a359p. c22cm(Hb)  aZoologyvDictionaries aDiwedi, V.K.